00386nam a2200133 i 4500001000700000003000900007007000300016008004100019100003300060245006800093260003200161300002700193852003200220146360ES-MaACLt|070907s1983 xxu ||||1| spa d1 aTorres Rosado, Félix Juan.10aEn tinte de Rosicler b: versos / cFélix Juan Torres Rosado. aFlorida : bYaurel, c1983. a98 p., 3 h. ; c21 cm. aES-MaACLjL-7835 bR.106202